Buffy the Vampire Slayer Big Bads - Statistics

General Stats
  • This quiz has been taken 2,306 times
  • The average score is 11 of 12
Answer Stats
Hint Big Bad % Correct
Season 2: Vampire who is obsessed with killing the Slayer and has killed two others, but he is incompetent Spike
99%
Season 2: Vampire who is Buffy's ally in the beginning but becomes evil during the season Angelus
98%
Season 3: Co-Slayer who replaces Kendra Faith
97%
Season 6: Ally of Buffy who becomes evil after losing her girlfriend Willow
97%
Season 2: Female vampire who is insane and can see into the future Drusilla
95%
Season 1: Ancient vampire who was prophecised to kill the Slayer and bring Hell on Earth The Master
93%
Season 5: Immortal Hell god who tries to open a portal to her world with the Key Glorificus
90%
Season 4: A lab created monster who is part demon, part human, and part robot Adam
88%
Season 7: The origin of evil who tries to wipe out the Slayer line but is incorporeal The First Evil
87%
Season 6: Three "super-villains" who try to take over Sunnydale and fail horribly, until one becomes a rampaging lunatic The Trio
81%
Season 7: Ally of above and misogynistic preacher Caleb
75%
Season 3: Mayor of Sunnydale. He becomes a full blooded demon snake during graduation Richard Wilkins
64%
No matching quizzes found
Score Distribution
Percent of People with Each Score
Percentile by Number Answered
Your Score History
You have not taken this quiz